| 000 | 00473nam a2200205Ia 4500 | ||
|---|---|---|---|
| 003 | OSt | ||
| 005 | 20140311163110.0 | ||
| 008 | 140130s9999 xx 000 0 und d | ||
| 050 |
_aPZ 7 _b.Av953 2002 |
||
| 100 |
_aAvi. _93840 |
||
| 245 |
_aNo more magic / _cAvi |
||
| 260 |
_bScholastic, _c2002. _aNew York : |
||
| 300 |
_a138 p. : _c18 cm. |
||
| 440 |
_v1 _930850 |
||
| 521 | _aG3 | ||
| 526 | _c500 | ||
| 942 |
_cBK-SCHOLAS _2lcc |
||
| 999 |
_c40547 _d40547 |
||